Normal view
MARC view
- WILBER,KEN
Entry Personal Name
001 - CONTROL NUMBER
- control field: 133843
003 - CONTROL NUMBER IDENTIFIER
- control field: NUST
005 - DATE AND TIME OF LATEST TRANSACTION
- control field: 20260403104830.0
008 - FIXED-LENGTH DATA ELEMENTS
- fixed length control field: 260403|| aca||aabn | a|a d
040 ## - CATALOGING SOURCE
- Original cataloging agency: NUST
- Transcribing agency: NUST
100 ## - HEADING--PERSONAL NAME
- Personal name: WILBER,KEN
670 ## - SOURCE DATA FOUND
- Source citation: Work cat.: (NUST): WILBER,KEN., THE HOLOGRAPHIC PARADIGM AND OTHER PARADOXES EXPLORING THE LEADING EDGE OF SCIENCE /, 1982.
